J.E.T.P.U.N.K. Country Quiz #7: Largest Area - Statistics

General Stats
  • This quiz has been taken 52 times
  • The average score is 6 of 7
Answer Stats
Area Country % Correct
J 377,976 km² Japan
98%
E 1,104,300 km² Ethiopia
92%
K 2,724,900 km² Kazakhstan
90%
U 9,833,517 km² United States
90%
N 1,267,000 km² Niger
85%
P 1,285,216 km² Peru
85%
T 945,087 km² Tanzania
83%
No matching quizzes found
Score Distribution
Percent of People with Each Score
Percentile by Number Answered
Your Score History
You have not taken this quiz